| Tag |
First Indicator |
Second Indicator |
Subfields |
| LEADER |
00000cai a2200000 i 4500 |
| 001 |
in00000307136 |
| 005 |
20230724133003.0 |
| 008 |
790118c19789999enkuu l 0 2eng |
| 010 |
|
|
|z 78324129
|
| 015 |
|
|
|a GB7812860
|2 bnb
|
| 019 |
|
|
|a 4081548
|a 16420802
|a 993352496
|a 1014378531
|a 1039315696
|a 1098814496
|
| 020 |
|
|
|a 0859371093
|
| 020 |
|
|
|a 9780859371094
|
| 020 |
|
|
|a 0859370968
|
| 020 |
|
|
|a 9780859370967
|
| 029 |
1 |
|
|a AU@
|b 000006341099
|
| 029 |
1 |
|
|a GBVCP
|b 010910417
|
| 029 |
1 |
|
|a NLGGC
|b 785672133
|
| 029 |
1 |
|
|a NZ1
|b 8268771
|
| 029 |
1 |
|
|a NZ1
|b 945858
|
| 029 |
1 |
|
|a UNITY
|b 071010939
|
| 035 |
|
|
|a (OCoLC)ocm04640929
|
| 035 |
|
|
|a (OCoLC)4640929
|z (OCoLC)4081548
|z (OCoLC)16420802
|z (OCoLC)993352496
|z (OCoLC)1014378531
|z (OCoLC)1039315696
|z (OCoLC)1098814496
|
| 035 |
|
|
|a (OCoLC)ocm04640929
|
| 040 |
|
|
|a DLC
|b eng
|c DLC
|d OCLCQ
|d OCLCF
|d OCLCO
|d OCLCA
|d OCLCQ
|d OCLCO
|d BRL
|d UWO
|d OCL
|d OCLCO
|
| 043 |
|
|
|a ee-----
|
| 050 |
1 |
|
|a VM378
|b .G7
|
| 082 |
0 |
4 |
|a 623.82/4/0947
|
| 100 |
1 |
|
|a Greenway, Ambrose.
|
| 245 |
1 |
0 |
|a Comecon merchant ships /
|c by Ambrose Greenway.
|
| 260 |
|
|
|a Havant :
|b K. Mason,
|c 1978-
|
| 300 |
|
|
|a 1 volume :
|b illustrations ;
|c 26 cm
|
| 336 |
|
|
|a text
|b txt
|2 rdacontent
|
| 337 |
|
|
|a unmediated
|b n
|2 rdamedia
|
| 338 |
|
|
|a volume
|b nc
|2 rdacarrier
|
| 500 |
|
|
|a Loose-leaf for updating.
|
| 610 |
2 |
0 |
|a Council for Mutual Economic Assistance.
|
| 650 |
|
0 |
|a Merchant ships
|z Europe, Eastern.
|
| 650 |
|
6 |
|a Navires marchands
|z Europe de l'Est.
|
| 610 |
2 |
7 |
|a Council for Mutual Economic Assistance.
|2 fast
|0 (OCoLC)fst00536835
|
| 650 |
|
7 |
|a Merchant ships.
|2 fast
|0 (OCoLC)fst01017038
|
| 651 |
|
7 |
|a Eastern Europe.
|2 fast
|0 (OCoLC)fst01245079
|
| 936 |
|
|
|a Converted LC monograph record; notify LC with old/new LCCNs if authenticating for PCC
|
| 948 |
|
|
|h HELD BY TXA - 28 OTHER HOLDINGS
|
| 994 |
|
|
|a Z0
|b TXA
|
| 999 |
f |
f |
|s 3a605a1e-451a-38b8-a795-4d362e22abff
|i 720c2a39-f9af-310a-8675-8e2363ad2859
|t 0
|
| 952 |
f |
f |
|p ric
|a Texas A&M University
|b Rellis Campus
|c Joint Library Facility
|s JLF
|d Remote Storage
|t 0
|e VM378 .G7 1978a
|h Library of Congress classification
|i unmediated -- volume
|m A14805717057
|